000 01071nam a2200241Ia 4500
999 _c4931
_d4931
003 OSt
005 20200402112630.0
008 191128s1955 ck gr 001 0 spa d
020 _a9681603060
040 _aCO-JMCR
_cCO-JMCR
041 0 _aspa
082 0 4 _a109 /
_bH23l
100 1 _aHegel, Georg Wilhelm Friedrich,
_eautor
_92368
245 1 0 _aLecciones sobre historia de la filosofía II /
_cGeorg Wilhelm Friedrich Hegel
250 _aPrimera edición
260 _aBogotá :
_bFondo de cultura económico
_c1955
300 _a462 páginas ;
_c21 cm.
490 0 _aSección de obras de filosofía
505 _aDe los sofistas a los sacrátistas -- Platón y Aristóteles -- Segundo período: El dogmatismo y el escepcionismo
520 _aPara Hegel, lo que satisface y dignifica nuestra vida espiritual tuvo so principio en Grecia. El pensamiento, en especial, se manifestó entre los griegos como un despliegue asombroso a partir de sus elementos originarios, y para comprender su filosofía no
650 1 4 _aFilosofía
_xHistoria
_92418
942 _2ddc
_cBK